Les gagnants de la star academy - Statistiques

Statistiques générales
  • Ce quiz a été pris 264 fois
  • Le résultat moyen est 5 sur 10
Statistiques - réponses
Saisons Gagnant/es % Correct
1 Jenifer
92%
4 Gregory Lemarchal
80%
10 Anisha
70%
2 Nolwenn Leroy
67%
3 Elodie Frege
64%
5 Magalie Vae
46%
7 Quentin Mosimann
35%
6 Cyril Cinélu
21%
8 Mickels Rea
13%
9 Laurène Bourvon
9%
Aucun quiz correspondant
Distribution des résultats
% des personnes avec chaque résultat
Percentile par nombre de réponses
Votre historique - résultats
Vous n’avez pas pris ce quiz